|
|
|
|
| LEADER |
00862nab a2200193 i 4500 |
| 001 |
misc26352 |
| 005 |
20191111110308.0 |
| 008 |
170904s1981 hu o 0|| zxx d |
| 040 |
|
|
|a SZTE Miscellanea Repozitórium
|b hun
|
| 041 |
|
|
|a zxx
|
| 100 |
1 |
|
|a Kósa Ferenc
|
| 245 |
1 |
0 |
|a Analysis of the fractures of bone finds, dating from centuries 6 to 8 from the territory of the Carpathian-basin from cultural and medical-historical points of view
|h [elektronikus dokumentum] /
|c Kósa Ferenc
|
| 260 |
|
|
|c 1981
|
| 300 |
|
|
|a 112-116
|
| 490 |
0 |
|
|a Kolligátum
|
| 695 |
|
|
|a Igazságügyi orvostan, Paleoantropológia - csontok - Kárpát-medence - 6-8. sz., Csonttörés
|
| 700 |
0 |
1 |
|a Marcsik Antónia
|e aut
|
| 710 |
|
|
|a Congres International D'histoire de la Medicine (26.) (1978) (Plovdiv)
|
| 856 |
4 |
0 |
|u http://misc.bibl.u-szeged.hu/26352/1/019_005_112-116.pdf
|z Dokumentum-elérés
|